00336nam a22001217a 4500020000800000040001600008082001700024100002200041245006200063250001700125260005000142300002200192 qHB. cFIZZA ISHAQ a621.384bKAU a Kaufman, Milton. aRadio operator's license Q & A manual /c Milton Kaufman. a5th edition. aNew York:bJ. F. Rider Publisher, Inc.c1955. a735 P. ;c21.5 cm